000 00212nam a22000857a 4500
999 _c11013
_d11013
008 180720b ||||| |||| 00| 0 eng d
100 _aHelfand
_96780
245 _aAbraham Lincoln
260 _aNew Delhi
_bCampfire
_c2016